Countries by Their Highest Ever FIFA Rank - Statistics

General Stats
  • This quiz has been taken 6,939 times
  • The average score is 18 of 22
Answer Stats
Rank Year Country % Correct
1 1993 Brazil
98%
1 2007 Argentina
97%
1 2008 Spain
96%
1 2001 France
95%
1 1993 Germany
95%
1 1993 Italy
94%
1 2015 Belgium
93%
1 1993 England
92%
1 2011 Netherlands
91%
3 2013 Portugal
90%
2 2012 Uruguay
86%
4 2006 United States
83%
3 2013 Colombia
80%
4 1998 Mexico
80%
3 2016 Chile
79%
3 1996 Russia
79%
3 1999 Croatia
78%
2 1994 Sweden
78%
3 1997 Denmark
72%
3 1993 Switzerland
66%
2 1999 Czechia
49%
3 1997 Romania
39%
No matching quizzes found
Score Distribution
Percent of People with Each Score
Percentile by Number Answered
Your Score History
You have not taken this quiz